Sports Quiz

Random Sports or NBA Quiz

NBA: Most Efficient 50+ Point Games Quiz Stats

 Plays Quiz Updated Jun 20, 2018

Challenge
Share
Tweet
Embed
Score 0/117 Timer 10:00
6 Plays Today
(FGA) Team Player % Correct
(25) Chicago BullsMichael Jordan
94%
(26) Chicago BullsMichael Jordan
94%
(27) Chicago BullsMichael Jordan
94%
(27) Chicago BullsMichael Jordan
94%
(27) Chicago BullsMichael Jordan
94%
(28) Chicago BullsMichael Jordan
94%
(28) Chicago BullsMichael Jordan
94%
(29) Chicago BullsMichael Jordan
94%
(30) Chicago BullsMichael Jordan
94%
(30) Chicago BullsMichael Jordan
94%
(25) Miami HeatLeBron James
92.9%
(28) Cleveland CavaliersLeBron James
92.9%
(29) Cleveland CavaliersLeBron James
92.9%
(29) Cleveland CavaliersLeBron James
92.9%
(30) Cleveland CavaliersLeBron James
92.9%
(30) Cleveland CavaliersLeBron James
92.9%
(25) LA LakersKobe Bryant
92.6%
(26) LA LakersKobe Bryant
92.6%
(27) LA LakersKobe Bryant
92.6%
(28) LA LakersKobe Bryant
92.6%
(28) LA LakersKobe Bryant
92.6%
(29) LA LakersKobe Bryant
92.6%
(29) LA LakersKobe Bryant
92.6%
(26) Golden State WarriorsStephen Curry
89.2%
(27) Golden State WarriorsStephen Curry
89.2%
(27) Golden State WarriorsStephen Curry
89.2%
(28) Golden State WarriorsStephen Curry
89.2%
(28) Golden State WarriorsStephen Curry
89.2%
(27) Denver NuggetsAllen Iverson
88.8%
(29) Philadelphia 76ersAllen Iverson
88.8%
(30) Philadelphia 76ersAllen Iverson
88.8%
(30) Miami HeatDwyane Wade
85.6%
(30) Miami HeatDwyane Wade
85.6%
(24) Denver NuggetsCarmelo Anthony
83.6%
(26) New York KnicksCarmelo Anthony
83.6%
(28) Denver NuggetsCarmelo Anthony
83.6%
(28) Oklahoma City ThunderKevin Durant
83.2%
(28) Oklahoma City ThunderKevin Durant
83.2%
(25) Houston RocketsJames Harden
80.9%
(FGA) Team Player % Correct
(27) Houston RocketsJames Harden
80.9%
(28) Houston RocketsJames Harden
80.9%
(30) Houston RocketsJames Harden
80.9%
(27) Golden State WarriorsKevin Durant
80.3%
(26) LA LakersShaquille O'Neal
80%
(28) Indiana PacersJermaine O'Neal
78.6%
(25) Golden State WarriorsKlay Thompson
77.5%
(26) Utah JazzKarl Malone
76.9%
(28) Utah JazzKarl Malone
76.9%
(28) Utah JazzKarl Malone
76.9%
(29) Utah JazzKarl Malone
76.9%
(24) Dallas MavericksDirk Nowitzki
75.8%
(26) Houston RocketsJames Harden
75.4%
(28) Houston RocketsJames Harden
75.4%
(25) Houston RocketsJames Harden
74.8%
(27) Houston RocketsJames Harden
74.8%
(28) Houston RocketsJames Harden
74.8%
(25) Boston CelticsLarry Bird
69.4%
(28) San Antonio SpursTim Duncan
67.3%
(25) New Jersey NetsVince Carter
63.6%
(29) New York KnicksPatrick Ewing
62.3%
(29) Orlando MagicTracy McGrady
61.3%
(30) Orlando MagicTracy McGrady
61.3%
(26) Portland Trail BlazersDamian Lillard
59.6%
(28) San Antonio SpursDavid Robinson
57.8%
(26) Phoenix SunsClifford Robinson
57.3%
(30) Sacramento KingsDeMarcus Cousins
57.1%
(28) Sacramento KingsDeMarcus Cousins
56.7%
(28) Portland Trail BlazersDamian Lillard
56.2%
(28) Portland Trail BlazersDamian Lillard
56.2%
(29) New Orleans PelicansAnthony Davis
55.2%
(25) Atlanta HawksDominique Wilkins
54%
(28) Atlanta HawksDominique Wilkins
54%
(30) Atlanta HawksDominique Wilkins
54%
(29) Indiana PacersReggie Miller
51.2%
(28) Portland Trail BlazersClyde Drexler
50.5%
(27) Phoenix SunsAmar'e Stoudemire
48.7%
(29) Toronto RaptorsDeMar DeRozan
43.8%
(26) Boston CelticsIsaiah Thomas
43.3%
(FGA) Team Player % Correct
(29) Washington WizardsGilbert Arenas
42.7%
(24) Chicago BullsJimmy Butler
41.7%
(30) Chicago BullsJimmy Butler
41.6%
(29) New Jersey NetsDeron Williams
39.9%
(27) LA ClippersCharles Smith
39.3%
(27) Minnesota TimberwolvesKevin Love
39.1%
(27) LA ClippersLou Williams
38.7%
(24) Miami HeatAlonzo Mourning
37.8%
(28) Boston CelticsKevin McHale
35.2%
(30) Denver NuggetsAlex English
32.6%
(28) New York KnicksBernard King
27.9%
(30) New York KnicksBernard King
27.9%
(30) New York KnicksBernard King
27.9%
(27) Portland Trail BlazersBrandon Roy
27.7%
(27) Denver NuggetsMahmoud Abdul-Rauf
25.9%
(25) New York KnicksAllan Houston
25.7%
(29) New York KnicksAllan Houston
25.7%
(28) Dallas MavericksJim Jackson
25.1%
(25) Portland Trail BlazersC.J. McCollum
24.9%
(25) Seattle SuperSonicsRashard Lewis
24.2%
(29) New Jersey NetsStephon Marbury
22.9%
(29) Golden State WarriorsAntawn Jamison
21.2%
(27) Miami HeatGlen Rice
20.7%
(26) Golden State WarriorsJamal Crawford
18.3%
(30) New York KnicksJamal Crawford
18.3%
(22) Sacramento KingsKevin Martin
18%
(25) Orlando MagicNick Anderson
16.7%
(29) Phoenix SunsTom Chambers
15.6%
(29) Toronto RaptorsTerrence Ross
15%
(30) Minnesota TimberwolvesCorey Brewer
11.1%
(29) Denver NuggetsKiki Vandeweghe
8.2%
(30) Denver NuggetsKiki Vandeweghe
8.2%
(30) Atlanta HawksShareef Abdur-Rahim
7.9%
(27) Phoenix SunsTony Delk
5.6%
(25) Houston RocketsVernon Maxwell
5.5%
(26) Philadelphia 76ersDana Barros
4.3%
(29) Washington WizardsTracy Murray
3.5%
(19) Philadelphia 76ersWillie Burton
3.4%
(28) Golden State WarriorsPurvis Short
3%

You're not logged in!

Compare scores with friends on all Sporcle quizzes.
OR
Log In

You Might Also Like...

Show Comments

Extras

Top Quizzes Today


Score Distribution

Your Account Isn't Verified!

In order to create a playlist on Sporcle, you need to verify the email address you used during registration. Go to your Sporcle Settings to finish the process.

Report this User

Report this user for behavior that violates our Community Guidelines.

Details: